Lucy Dacus - Lost Time (Lyrics) - Statistics

General Stats
  • This quiz has been taken 20 times
  • The average score is 288 of 315
Answer Stats
Answer % Correct
a
100%
A
100%
all
100%
and
100%
are
100%
but
100%
But
100%
cause
100%
Cause
100%
day
100%
did,
100%
do,
100%
every
100%
everything
100%
I
100%
I'm
100%
in
100%
In
100%
is
100%
it
100%
It's
100%
it's
100%
knew
100%
lost
100%
Lost
100%
love
100%
my
100%
not
100%
Not
100%
Now
100%
of
100%
on
100%
say
100%
so
100%
that
100%
The
100%
the
100%
this
100%
time
100%
to
100%
was
100%
we
100%
will,
100%
will
100%
with
100%
you
100%
you,
100%
your
100%
about
91%
can't
91%
crying
91%
didn't
91%
for
91%
hear
91%
how
91%
know
91%
make
91%
myself,
91%
nice
91%
shame
91%
sorry,
91%
trying
91%
wait
91%
waste
91%
would
91%
would,
91%
60
82%
after
82%
ago
82%
almost
82%
been
82%
certain,
82%
chip,
82%
clothes
82%
could
82%
door
82%
down
82%
dresser
82%
get,
82%
get
82%
good,
82%
grey
82%
have
82%
health,
82%
help
82%
here
82%
knocking
82%
like
82%
listen
82%
long
82%
made
82%
Nothing
82%
only
82%
Our
82%
parking
82%
paved
82%
perfect,
82%
petals
82%
ready
82%
showed
82%
shower
82%
singing
82%
sky
82%
song
82%
space
82%
take
82%
there
82%
think
82%
thrill,
82%
ticket
82%
unpaid
82%
up
82%
way
82%
wedding
82%
were
82%
when
82%
wonder
82%
work
82%
years
82%
800
73%
abandoned
73%
aisle
73%
attire
73%
bathroom
73%
broken
73%
chain,
73%
choice,
73%
comes
73%
crime
73%
elevators
73%
far
73%
floor
73%
fold
73%
forever,
73%
formal
73%
gold
73%
I'll
73%
lasts
73%
let's
73%
lose
73%
met
73%
miles
73%
moments
73%
morning,
73%
most
73%
pile
73%
pink
73%
place
73%
put
73%
quiet
73%
see
73%
share
73%
sidewalk's
73%
since
73%
spring
73%
stalls
73%
stolen
73%
touch
73%
trees
73%
walk
73%
while
73%
Wish
73%
wish
73%
halls,
64%
notice
64%
No matching quizzes found
Score Distribution
Percent of People with Each Score
Percentile by Number Answered
Your Score History
You have not taken this quiz